000 00487nmm a2200145Ia 4500
008 251105s9999||||xx |||||||||||||||||und||
041 _aspa
100 _aCastelva, Gloria
245 0 _aDrapenta: Un lugar mágico. Sara la alquimista :
_b Un lugar mágico: sara la alquimista
264 _a[Madrid, España] :
_bMedinaliber Hispánica,
_c2021
300 _a0 páginas
650 _aScience fiction & Fantasy
856 _uhttps://public.digitaliapublishing.com/a/100497
942 _cCF
999 _c106838
_d106838